000 00691nam a22001937a 4500
999 _c180076
_d180076
005 20210723111441.0
010 _aUR-11156
020 _c500.00
_a9789390789061
035 _aU-9711
037 _bDBAD/PUB
082 _a840.08
100 _aکر ا مت علی کر ا مت
245 _aمير ے منتخب پيش لفظ (تنقيد و تجز يہ)
_cکر ا مت علی کر ا مت
246 _aMere Muntakhab Pesh Lafz (Urdu)
_bby Karamat Ali Karamat
260 _aN.Delhi
_c2021 ء
_bEducational Publishing House
270 _aD-1/16, Ansari Road, Darya Ganj,
_bN.Delhi
_e110002
_l-
300 _a480 ص
_c22 Cm(Hb)
942 _2ddc
_cUR
_h840.08
_kک ر ا